000 00258nam a2200097Ia 4500
008 120527s9999 xx 000 0 und d
100 _aMerriman,P.A.
245 _aNaturals disasters;Protecting vulnerable communities.
260 _bThomas Tefford
942 _cBK
999 _c14986
_d14986